000 00780nam a2200277Ia 4500
003 OSt
005 20221007112221.0
006 a|||||r|||| 00| 0
007 ta
008 221006b |||||||| |||| 00| 0 eng d
024 _a25,404
037 _cTextual
040 _aLCO
_cLCO
_beng
041 _2eng
_aeng
082 _aY12:4:5, Q0
100 _aBalakrishnan K.G
_9522651
245 0 _aJuvenile Justice System
250 _a1st
260 _aNew
_bDelhi Universal Law Publishing Co. Pvt. Ltd. India
_c2010
300 _a334
650 _aJUVENILE JUSTICE SYSTEM
_9708705
700 _a Hansaria Vijay
_9708706
700 _a Jose P.I
_9708707
942 _hY12:4:5, Q0
_cTEXL
999 _c1194967
_d1194967